Curso de instrucción cívica /

Guardado en:
Autor Principal: Gómez, José C.
Formato: Libro
Publicado: Buenos Aires : Kapelusz, 1994
Materias:
Etiquetas: Agregar Etiqueta
Sin Etiquetas, Sea el primero en etiquetar este registro!
LEADER 01038nam a22002295a 4500
001 CEM.cems017689
005 20110905111105.0
008 130507s1994##################000#0#####d
003 CEMS
020 |a 9501324842 
082 0 4 |a 320 
100 1 |a Gómez, José C. 
245 1 0 |a Curso de instrucción cívica /  |c José C. Gómez 
260 |a Buenos Aires :  |b Kapelusz,  |c 1994 
300 |a 239 p. 
500 |a Capítulo adicional: la reforma constitucional de 1994 
505 0 |a Formas de gobierno -- Antecedentes de la Constitución de 1953 -- Pueblo, nación y estado -- La Constitución argentina -- Gobierno federal -- Libertad e igualdad civil -- Garantías individuales -- El hábeas corpus -- La Constitución, ley suprema -- El poder legislativo -- El poder ejecutivo -- El poder judicial -- El derecho federal en la Constitución 
653 |a Gobierno-formas 
653 |a Constitución argentina 
653 |a Igualdad 
653 |a Constitución argentina-reforma 1994 
859 |a CEMS  |b BIB. CEMS - Agricultura  |h 320  |i G586  |p A1438.11  |t Ej.1